Frontier to space /
Tallennettuna:
| Päätekijä: | |
|---|---|
| Aineistotyyppi: | Kirja |
| Kieli: | Vietnamese |
| Julkaistu: |
New Delhi.. :
Collier Books ,
1962
|
| Aiheet: | |
| Tagit: |
Lisää tagi
Ei tageja, Lisää ensimmäinen tagi!
|
| Thư viện lưu trữ: | Thư viện Trường CĐ Kỹ Thuật Cao Thắng |
|---|
| LEADER | 00558nam a2200193 a 4500 | ||
|---|---|---|---|
| 001 | TVCDKTCT948 | ||
| 003 | Thư viện trường Cao đẳng Kỹ thuật Cao Thắng | ||
| 005 | 20050804000000 | ||
| 008 | 050804 | ||
| 980 | \ | \ | |a Thư viện Trường CĐ Kỹ Thuật Cao Thắng |
| 024 | |a RG_1 #1 eb0 i1 | ||
| 041 | 0 | # | |a vie |
| 082 | # | # | |a 530 / |b B500G-f |
| 100 | 1 | # | |a Eric Burgess |
| 245 | 0 | 0 | |a Frontier to space / |c Eric Burgess |
| 260 | # | # | |a New Delhi.. : |b Collier Books , |c 1962 |
| 300 | # | # | |a 190tr. ; |c 19cm |
| 650 | # | 4 | |a Vật lí |
| 650 | # | 4 | |a Vũtrụ |